| 000 | 00398nam a2200109Ia 4500 | ||
|---|---|---|---|
| 008 | 170221s9999 xx 000 0 und d | ||
| 100 | _aP. M. Vasudev | ||
| 245 | _aFinancial Misconduct, Ethical Theory, and Regulatory Ethics— Promoting Accountability | ||
| 245 | _cP. M. Vasudev | ||
| 650 | _xBusiness | ||
| 856 | _uhttp://digitalcommons.pepperdine.edu/cgi/viewcontent.cgi?article=1139&context=jbel | ||
| 999 |
_c307634 _d307634 |
||